| 000 | 02233nam2a2200301 4500 | ||
|---|---|---|---|
| 001 | RU\NLR\BIBL_A\022674756 | ||
| 005 | 20251224181421.0 | ||
| 010 |
_a978-5-88678-406-0 _bт. 3 |
||
| 021 |
_aRU _bКН-П-25-062501 _9КН-П-25-6040 |
||
| 035 | _a(NLR Aleph) 022674756 | ||
| 090 |
_a13472894 _c13472894 |
||
| 100 | _a20251128d2025 k y0rusy50 ca | ||
| 101 | 0 |
_arus _deng |
|
| 102 | _aRU | ||
| 105 | _aaeh b 001yy | ||
| 200 | 0 | _aТ. 3 | |
| 210 | _d2025 | ||
| 215 |
_a295 с. _cцв. ил., пл., факс. |
||
| 300 | _aРез. англ. | ||
| 320 | _aБиблиогр. в разд. "Принятые сокращения": с. 282–284 | ||
| 320 | _aУказ. имен: с. 255–262 | ||
| 320 | _aУказ. авт. и исполнителей, чьи произведения включены в кат.: с. 263–276 | ||
| 320 | _aТопогр. указ.: с. 277–281 | ||
| 461 | 0 |
_1001RU\NLR\BIBL_A\022672933 _12001#$aАрхитектурная графика. Комплекс Кремлевского дворца. Оружейная палата (новое здание)$dArchitectural Graphics. The Kremlin Palace Complex. The Armoury Chamber (new building)$e[каталог собрания]$eв 3 томах$fА. Б. Тихомирова$g[Федеральное государственное бюджетное учреждение культуры "Государственный историко-культурный музей-заповедник "Московский Кремль"]$zeng$vТ. 3 _1700#1$aТихомирова$bА. Б.$cискусствовед$gАся Борисовна$3RU\NLR\AUTH\7777799 _913510382 _aТихомирова, А. Б. (искусствовед) _cМосква _d2025 _fА. Б. Тихомирова _lArchitectural Graphics. The Kremlin Palace Complex. The Armoury Chamber (new building) _nМузеи Московского Кремля _o[каталог собрания] : в 3 томах _tАрхитектурная графика. Комплекс Кремлевского дворца. Оружейная палата (новое здание) _y978-5-88678-403-9 _vТ. 3 |
|
| 942 | _cBOOK | ||
| 980 | _aNB | ||